000 00607nam a2200229Ia 4500
003 OSt
005 20220928115125.0
006 a|||||r|||| 00| 0
007 ta
008 220927b |||||||| |||| 00| 0 eng d
024 _a57188
037 _cTextual
040 _aSDCL
_cSDCL
_beng
041 _2eng
_aeng
082 _aY2.5'N7, M3
100 _aWall Richard
_9443144
245 0 _aFamily forms in historic Europe
260 _aCambridge
_bCambridge University Press
_c1983
300 _ax,606p
_ccm.
942 _hY2.5'N7, M3
_cTEXL
_2CC
999 _c758297
_d758297